Textbook of bacteriology
Gardado en:
| Main Authors: | , |
|---|---|
| Formato: | Libro |
| Idioma: | inglés |
| Publicado: |
Saint Louis
The C.V. Mosby
1954
|
| Edición: | 3a. ed |
| Subjects: | |
| Tags: |
Engadir etiqueta
Sen Etiquetas, Sexa o primeiro en etiquetar este rexistro!
|
MARC
| LEADER | 00000nam a2200000 a 4500 | ||
|---|---|---|---|
| 001 | UCY1154 | ||
| 003 | CL-VaPUC | ||
| 008 | 940822e19540000US |||||||||||||||||eng|d | ||
| 082 | 0 | 4 | |a 589.9 |b DOU |2 21 |
| 100 | 0 | |a Dougherty, Joseph M |e author |9 329044 | |
| 700 | 0 | |a Lamberti, Anthony J |e author |9 329045 | |
| 245 | 1 | 0 | |a Textbook of bacteriology |
| 246 | 1 | 0 | |a Bacteriology |
| 250 | |a 3a. ed | ||
| 300 | |a 598 p | ||
| 942 | |c BK | ||
| 945 | |d 19940822 00:00:00 |a mfernand | ||
| 260 | |a Saint Louis |b The C.V. Mosby |c 1954 | ||
| 650 | 0 | |a Bacteriología |9 259330 | |
| 583 | |a last modification |c 20120821 07:29:00 |k Rodrigo Vera | ||
| 999 | |c 229942 |d 229940 | ||
| 952 | |0 0 |1 0 |4 0 |6 589_900000000000000_DOU_1954 |7 0 |8 A |9 231688 |a BIBALI |b BIBALI |c GEN |d 2019-11-15 |i 3012042 |o 589.9 DOU 1954 |p 3012042 |r 2025-01-20 |w 2019-11-15 |y BK |k ALI | ||